Basic Statistics for Business & Economics (Record no. 4173)

MARC details
005 - DATE AND TIME OF LATEST TRANSACTION
control field 20250617053531.0
020 ## - INTERNATIONAL STANDARD BOOK NUMBER
International Standard Book Number 0-07-095164-0
082 ## - DEWEY DECIMAL CLASSIFICATION NUMBER
Classification number 519.5 DOU
100 ## - MAIN ENTRY--PERSONAL NAME
Author name DOUGLAS, L.
245 ## - TITLE STATEMENT
Title Basic Statistics for Business & Economics
250 ## - EDITION STATEMENT
Edition statement 2nd Ed.
260 ## - PUBLICATION, DISTRIBUTION, ETC.
Place of publication, distribution, etc. New York,
Name of publisher, distributor, etc. Mc Graw Hill,
Date of publication, distribution, etc. 2006.
300 ## - PHYSICAL DESCRIPTION
Extent xvi, 488p.; ill.; figure, table
Other physical details Index
Dimensions 27cm
700 ## - ADDED ENTRY--PERSONAL NAME
Other authors/Editors MARCHAL, W.
942 ## - ADDED ENTRY ELEMENTS (KOHA)
Source of classification or shelving scheme Dewey Decimal Classification
Koha item type Books
Holdings
Date last seen Total checkouts Full call number Barcode Date last checked out Cost, replacement price Price effective from Koha item type Lost status Source of classification or shelving scheme Damaged status Not for loan Withdrawn status Home library Current library Shelving location Date acquired Cost, normal purchase price
05/02/2026 1 519.5 DOU DOM000856 04/18/2026 105000.00 06/17/2025 Books   Dewey Decimal Classification       CBE Dodoma CBE Dodoma General Collection 05/26/2015 35000.00